000 nam a22 7a 4500
999 _c8124
_d8124
008 171128b xxu||||| |||| 00| 0 eng d
100 _aSingh.R.etal.
_94567
245 _aTogether picture dictionary
260 _aNew Delhi
_bRachna
_c2008